000 00375nam a2200145Ia 4500
008 220217s9999 xx 000 0 und d
245 0 _aRubber or plastics hoses and tubing- Bending tests.
260 _c1989
500 _aStandard number: IS 12653
650 _aBending tests
650 _aPlastic hose
650 _aRubber hose
650 _aRubber tubing
942 _cST
999 _c73531
_d73531